Statistics for Watford: The Premier League Years

Click here to take the quiz!

General Stats

  • This quiz has been taken 45 times
  • The average score is 12 of 30

Answer Stats

Answer% Correct
Troy Deeney
77%
Roy Hodgson
64%
Ben Foster
62%
Claudio Ranieri
56%
Quique Sánchez Flores
54%
Graham Taylor
51%
Javi Gracia
51%
Odion Ighalo
51%
Tom Cleverley
51%
Abdoulaye Doucouré
49%
Emmanuel Dennis
49%
Marco Silva
49%
Nigel Pearson
49%
Walter Mazzarri
46%
Gerard Deulofeu
44%
Xisco Muñoz
44%
Heurelho Gomes
36%
Aidy Boothroyd
33%
Étienne Capoue
33%
Craig Cathcart
31%
Moussa Sissoko
31%
Hassane Kamara
28%
Richarlison
28%
Darius Henderson
18%
Sebastian Prödl
18%
Gavin Mahon
15%
Hameur Bouazza
13%
Heiðar Helguson
13%
Steve Palmer
13%
Rob Page
10%

Score Distribution

Percentile by Number Answered

Percent of People with Each Score

Your Score History

You have not taken this quiz